Statistics for US Presidents by Hint #3

Click here to take the quiz!

General Stats

  • This quiz has been taken 17 times
  • The average score is 11 of 15

Answer Stats

HintAnswer% Correct
Was President during the Civil War.Abraham Lincoln
100%
Oversaw the complete withdrawal of US troops from Afghanistan, and the Afghan government's collapse.Joe Biden
100%
Had an infamous affair with Monica Lewinsky, resulting in him being impeached.Bill Clinton
94%
A bitter rival of Thomas Jefferson, and was defeated by him in a bid for a second term.John Adams
94%
Vetoed the Civil Rights Act of 1866, and was subsequently impeached.Andrew Johnson
88%
Led the Rough Riders during the Spanish-American War, and was known as an incredibly avid conservationist.Theodore Roosevelt
88%
Campaigned for his second term on the slogan "He kept us out of war", and after being re-elected, promptly brought the US into said war.Woodrow Wilson
88%
Signed in the Voting Rights Act.Lyndon B. Johnson
81%
Became President through the Compromise of 1877, effectively ending Reconstruction.Rutherford B. Hayes
81%
The Supreme Commander of the Allies in Europe.Dwight D. Eisenhower
69%
Oversaw the Wounded Knee Massacre, where nearly 300 Sioux Native Americans, were brutally killed.Benjamin Harrison
56%
Was shot four months into his presidency, and died two months later, with many having observed that the doctors' terrible treatment of him may have been what killed him.James A. Garfield
56%
A veteran of the Mexican-American War and the Second Seminole War, where he got the nickname "Old Rough and Ready".Zachary Taylor
56%
Was able to bring confidence back into the White House after his predecessor's numerous scandals, but is sometimes disliked by liberalists for being a conservative.Calvin Coolidge
50%
Saw the passing of the Compromise of 1850, which included the Fugitive Slave Act.Millard Fillmore
44%

Score Distribution

Percentile by Number Answered

Percent of People with Each Score

Your Score History

You have not taken this quiz